[Event "CEG Riscle B"]
[Site "Riscle"]
[Date "2017.08.07"]
[Round "1.2"]
[White "Lahoche, Dorian"]
[Black "Gonzalez, Loic"]
[Result "1/2-1/2"]
[WhiteElo "1694"]
[BlackElo "1869"]
[PlyCount "26"]
[EventDate "2017.??.??"]
[WhiteTeam "Echiquier du pays de Liffré"]
[BlackTeam "Echiquier Bordelais"]

1. e4 e5 2. Nf3 Nc6 3. Bc4 Be7 4. O-O Nf6 5. d3 O-O 6. c3 d6 7. h3 Nd7 8. Bb3
Kh8 9. d4 Nb6 10. Re1 exd4 11. cxd4 Bf6 12. Nc3 Na5 13. Bc2 c5 1/2-1/2

[Event "CEG Riscle B"]
[Site "Riscle"]
[Date "2017.08.07"]
[Round "1.3"]
[White "Annonier, Dominique"]
[Black "Tholey, Jean-Paul"]
[Result "0-1"]
[WhiteElo "1762"]
[BlackElo "1845"]
[PlyCount "56"]
[EventDate "2017.??.??"]
[WhiteTeam "Echiquier St Maixentais"]
[BlackTeam "Echiquier Bayonne Adour"]

1. d4 Nf6 2. Nc3 d5 3. e4 Nxe4 4. Nxe4 dxe4 5. Bf4 e6 6. f3 exf3 7. Nxf3 Bd6 8.
Qd2 Bxf4 9. Qxf4 Qd6 10. Qg5 Qb4+ 11. Kf2 O-O 12. Bd3 Nd7 13. Qh4 f5 14. Rhf1
Nf6 15. Kg1 c5 16. a3 Qb6 17. dxc5 Qxc5+ 18. Kh1 Bd7 19. Rae1 Rad8 20. Ne5 Bc8
21. b4 Qc3 22. g4 Rd4 23. Qh3 Nxg4 24. Nxg4 Rxg4 25. Re3 Qc6+ 26. Ref3 b5 27.
Bxb5 Qxb5 28. Qxg4 Qxf1+ 0-1

[Event "CEG Riscle B"]
[Site "Riscle"]
[Date "2017.08.07"]
[Round "1.4"]
[White "Boudey, Simon"]
[Black "Jackson, Daniel"]
[Result "1/2-1/2"]
[WhiteElo "1822"]
[BlackElo "1754"]
[PlyCount "80"]
[EventDate "2017.??.??"]
[WhiteTeam "Echiquier de l'Armagnac"]
[BlackTeam "LEC Echiquier Limousin"]

1. e4 c5 2. Nf3 d6 3. d4 cxd4 4. Nxd4 Nf6 5. Nc3 a6 6. Bg5 Nbd7 7. Bc4 e6 8.
O-O b5 9. Bxe6 fxe6 10. Nxe6 Qb6 11. Nd5 Nxd5 12. exd5 Ne5 13. Re1 Bxe6 14.
dxe6 Be7 15. Rxe5 Bxg5 16. Rxg5 O-O 17. Qe2 Rae8 18. Rg3 Rf6 19. Re3 d5 20. Re1
Qd4 21. c3 Qc5 22. Qg4 a5 23. Rf3 Rg6 24. Qh5 Qc6 25. e7 d4 26. cxd4 Rxe7 27.
Rf1 Rd7 28. Rg3 Rdd6 29. Rxg6 hxg6 30. Qf3 Qd7 31. h3 a4 32. Rd1 Rxd4 33. Rxd4
Qxd4 34. Qc3 Qd5 35. b3 Qd1+ 36. Kh2 Qd6+ 37. Qg3 Qe6 38. Qb8+ Kh7 39. Qxb5
Qd6+ 40. Kg1 a3 1/2-1/2

[Event "CEG Riscle B"]
[Site "Riscle"]
[Date "2017.08.07"]
[Round "2.1"]
[White "Gonzalez, Loic"]
[Black "Hameau, Cyril"]
[Result "1-0"]
[WhiteElo "1869"]
[BlackElo "1879"]
[PlyCount "108"]
[EventDate "2017.??.??"]
[WhiteTeam "Echiquier Bordelais"]
[BlackTeam "L'Echiquier Dieppois"]

1. e4 Nf6 2. Nc3 d5 3. exd5 Nxd5 4. Bc4 Nb6 5. Bb3 Bf5 6. Qf3 e6 7. Qxb7 Bd6 8.
d3 O-O 9. Qf3 a5 10. Be3 N8d7 11. a4 Rb8 12. Nge2 Nc8 13. Nd4 Ne5 14. Qe2 Bg4
15. f3 Bh5 16. O-O-O Qd7 17. g4 Bg6 18. h4 h5 19. Ndb5 Ne7 20. d4 N5c6 21. Rdg1
Nb4 22. gxh5 Bxh5 23. Ne4 Ng6 24. Rg5 Nd5 25. Bxd5 exd5 26. Nexd6 c6 27. Rxh5
cxb5 28. Nxb5 Rfe8 29. Qd3 Rb6 30. Rg5 Rf6 31. Bd2 Ne7 32. Rhg1 Nf5 33. h5 Rc8
34. h6 g6 35. h7+ Kh8 36. Bf4 Rfc6 37. c3 Ne7 38. R5g2 Re6 39. Re2 Rcc6 40.
Rge1 Kxh7 41. Rxe6 Rxe6 42. Rxe6 Qxe6 43. Qe3 Qd7 44. Be5 Qf5 45. Qf4 Qxf4+ 46.
Bxf4 f6 47. b4 Nc6 48. Bd6 g5 49. Nc7 axb4 50. Bxb4 f5 51. Nxd5 Kg6 52. Kd2 Kh5
53. a5 g4 54. fxg4+ Kxg4 1-0

[Event "CEG Riscle B"]
[Site "Riscle"]
[Date "2017.08.07"]
[Round "2.2"]
[White "Tholey, Jean-Paul"]
[Black "Lahoche, Dorian"]
[Result "1/2-1/2"]
[WhiteElo "1845"]
[BlackElo "1694"]
[PlyCount "118"]
[EventDate "2017.??.??"]
[WhiteTeam "Echiquier Bayonne Adour"]
[BlackTeam "Echiquier du pays de Liffré"]

1. d4 Nf6 2. c4 e6 3. Nc3 Bb4 4. Qc2 d5 5. cxd5 exd5 6. Bg5 c6 7. e3 Nbd7 8.
Bd3 h6 9. Bh4 O-O 10. Nf3 Re8 11. O-O Bxc3 12. bxc3 Qc7 13. Bg3 Qd8 14. c4 Ne4
15. cxd5 Nxg3 16. hxg3 cxd5 17. Rfc1 Nf6 18. Qc7 b6 19. Ne5 Be6 20. Bb5 Qxc7
21. Rxc7 Rec8 22. Rac1 a6 23. Ba4 b5 24. Bb3 Kf8 25. f3 a5 26. a3 a4 27. Ba2
Rxc7 28. Rxc7 Rc8 29. Rxc8+ Bxc8 30. Kf2 Ke7 31. Ke2 Be6 32. Kd2 Kd6 33. Kc3
Nd7 34. Kb4 Nxe5 35. dxe5+ Kxe5 36. Kxb5 Bd7+ 37. Kc5 Be6 38. Bb1 Bd7 39. f4+
Ke6 40. Ba2 Kf5 41. Bxd5 Kg4 42. Bxf7 Kxg3 43. Bd5 Kf2 44. Kd4 g5 45. fxg5 hxg5
46. e4 Kxg2 47. e5+ Kf2 48. e6 Be8 49. Kc5 g4 50. Bc6 Bh5 51. Bxa4 g3 52. Bc6
Be8 53. e7 g2 54. Bxg2 Kxg2 55. Kb4 Kf3 56. a4 Ke4 57. a5 Kd5 58. a6 Kc6 59.
Ka5 Kc7 1/2-1/2

[Event "CEG Riscle B"]
[Site "Riscle"]
[Date "2017.08.07"]
[Round "2.3"]
[White "Boudey, Simon"]
[Black "Annonier, Dominique"]
[Result "1-0"]
[WhiteElo "1822"]
[BlackElo "1762"]
[PlyCount "67"]
[EventDate "2017.??.??"]
[WhiteTeam "Echiquier de l'Armagnac"]
[BlackTeam "Echiquier St Maixentais"]

1. e4 c5 2. Nf3 Nc6 3. d4 cxd4 4. Nxd4 Nf6 5. Nc3 e5 6. Ndb5 d6 7. Bg5 a6 8.
Bxf6 gxf6 9. Na3 b5 10. Nd5 f5 11. c3 Be6 12. exf5 Bxf5 13. Nc2 Bg7 14. Nce3
Be6 15. Bd3 Ne7 16. Nxe7 Qxe7 17. Be4 Rd8 18. Bc6+ Kf8 19. Bd5 Bh6 20. Bxe6
Bxe3 21. fxe3 Qxe6 22. O-O Rg8 23. Rf2 Rg6 24. a4 Rb8 25. axb5 axb5 26. Qf3 b4
27. Ra7 Rg7 28. cxb4 e4 29. Qh5 Rxb4 30. Ra8+ Ke7 31. Qh4+ Kd7 32. Qd8+ Kc6 33.
Rc2+ Rc4 34. Rxc4+ 1-0

[Event "CEG Riscle B"]
[Site "Riscle"]
[Date "2017.08.07"]
[Round "2.4"]
[White "Jackson, Daniel"]
[Black "Saliou, Jean-Yves"]
[Result "0-1"]
[WhiteElo "1754"]
[BlackElo "1930"]
[PlyCount "42"]
[EventDate "2017.??.??"]
[WhiteTeam "LEC Echiquier Limousin"]
[BlackTeam "Le Cavalier Fou Melun"]

1. e4 d6 2. d4 Nf6 3. Nc3 Nbd7 4. Be3 e5 5. Nf3 Be7 6. Qd2 O-O 7. Bc4 c6 8. a4
Ng4 9. O-O-O a6 10. h3 Ngf6 11. d5 c5 12. g4 b5 13. axb5 axb5 14. Bxb5 Nxe4 15.
Qd3 Nxc3 16. Qxc3 e4 17. Bxd7 Bxd7 18. Nd2 Bf6 19. Qc4 Ra4 20. Qe2 Ra1+ 21. Nb1
Qa5 0-1

[Event "CEG Riscle B"]
[Site "Riscle"]
[Date "2017.08.07"]
[Round "3.1"]
[White "Saliou, Jean-Yves"]
[Black "Gonzalez, Loic"]
[Result "0-1"]
[WhiteElo "1930"]
[BlackElo "1869"]
[PlyCount "62"]
[EventDate "2017.??.??"]
[WhiteTeam "Le Cavalier Fou Melun"]
[BlackTeam "Echiquier Bordelais"]

1. e4 e5 2. Nf3 Nc6 3. d4 exd4 4. Bc4 Nf6 5. e5 d5 6. Bb5 Ne4 7. Nxd4 Bc5 8.
O-O O-O 9. Bxc6 bxc6 10. f3 Ba6 11. Re1 Nf2 12. Qd2 Qh4 13. c3 Nd3 14. Re3 Nxc1
15. g3 Qh3 16. Qxc1 Rab8 17. Nd2 Rfe8 18. b3 Bb6 19. Kh1 c5 20. Ne2 Bb7 21. Nf4
Qf5 22. Qb1 Qxb1+ 23. Rxb1 d4 24. cxd4 cxd4 25. Ree1 c5 26. Kg2 Ba5 27. Rb2 Ba6
28. e6 c4 29. exf7+ Kxf7 30. Rxe8 Kxe8 31. Ne4 c3 0-1

[Event "CEG Riscle B"]
[Site "Riscle"]
[Date "2017.08.07"]
[Round "3.3"]
[White "Lahoche, Dorian"]
[Black "Boudey, Simon"]
[Result "1-0"]
[WhiteElo "1694"]
[BlackElo "1822"]
[PlyCount "59"]
[EventDate "2017.??.??"]
[WhiteTeam "Echiquier du pays de Liffré"]
[BlackTeam "Echiquier de l'Armagnac"]

1. e4 c5 2. Nf3 d6 3. d3 Nc6 4. g3 g6 5. Bg2 Bg7 6. O-O e6 7. Nc3 Rb8 8. Nh4
Nge7 9. f4 O-O 10. Be3 Nd4 11. Rb1 b5 12. a3 a5 13. Qd2 b4 14. axb4 axb4 15.
Ne2 Qb6 16. g4 f5 17. gxf5 exf5 18. Nf3 fxe4 19. dxe4 Nxe2+ 20. Qxe2 Ba6 21.
Qd2 Bxf1 22. Bxf1 Ra8 23. Bc4+ Kh8 24. Ng5 Bd4 25. Nf7+ Kg7 26. Ng5 Bxe3+ 27.
Qxe3 Rf6 28. e5 dxe5 29. Qxe5 Qd6 30. Ne6+ 1-0

[Event "CEG Riscle B"]
[Site "Riscle"]
[Date "2017.08.07"]
[Round "3.4"]
[White "Annonier, Dominique"]
[Black "Jackson, Daniel"]
[Result "0-1"]
[WhiteElo "1762"]
[BlackElo "1754"]
[PlyCount "47"]
[EventDate "2017.??.??"]
[WhiteTeam "Echiquier St Maixentais"]
[BlackTeam "LEC Echiquier Limousin"]

1. d4 Nf6 2. Nc3 g6 3. e4 d6 4. Be2 Bg7 5. Be3 O-O 6. g4 c6 7. g5 Nfd7 8. Nf3
b5 9. h4 b4 10. Na4 Nb6 11. c3 Nxa4 12. Qxa4 bxc3 13. bxc3 Bg4 14. Nh2 Bxe2 15.
Kxe2 Qc8 16. Rab1 Nd7 17. Nf3 Nb6 18. Qc2 Qa6+ 19. Kd1 Nc4 20. Nd2 Na3 21. Qb3
Nxb1 22. Qxb1 Rab8 23. Qc2 c5 24. h5 0-1

[Event "CEG Riscle B"]
[Site "Riscle"]
[Date "2017.08.07"]
[Round "4.1"]
[White "Jackson, Daniel"]
[Black "Gonzalez, Loic"]
[Result "1/2-1/2"]
[WhiteElo "1754"]
[BlackElo "1869"]
[PlyCount "27"]
[EventDate "2017.??.??"]
[WhiteTeam "LEC Echiquier Limousin"]
[BlackTeam "Echiquier Bordelais"]

1. e4 e5 2. Nf3 Nc6 3. Bc4 Nf6 4. Nc3 Nxe4 5. Nxe4 d5 6. Bxd5 Qxd5 7. Nc3 Qd8
8. O-O Be7 9. h3 O-O 10. Re1 Bf6 11. d3 Bf5 12. Ne4 Re8 13. Nxf6+ Qxf6 14. Bd2
1/2-1/2

[Event "CEG Riscle B"]
[Site "Riscle"]
[Date "2017.08.07"]
[Round "4.2"]
[White "Boudey, Simon"]
[Black "Hameau, Cyril"]
[Result "1-0"]
[WhiteElo "1822"]
[BlackElo "1879"]
[PlyCount "47"]
[EventDate "2017.??.??"]
[WhiteTeam "Echiquier de l'Armagnac"]
[BlackTeam "L'Echiquier Dieppois"]

1. e4 Nf6 2. e5 Nd5 3. d4 d6 4. Nf3 Nc6 5. Be2 dxe5 6. Nxe5 Nxe5 7. dxe5 Bf5 8.
c4 Nb6 9. Qb3 e6 10. O-O Qd4 11. Nd2 Qxe5 12. Re1 Bd6 13. Nf3 Qc5 14. a3 O-O-O
15. Be3 Qa5 16. Bd2 Qa4 17. Qc3 f6 18. b3 Qd7 19. c5 Nd5 20. Qa5 Be7 21. Qxa7
c6 22. Qa8+ Kc7 23. Ba5+ b6 24. Qa7+ 1-0

[Event "CEG Riscle B"]
[Site "Riscle"]
[Date "2017.08.07"]
[Round "4.3"]
[White "Annonier, Dominique"]
[Black "Lahoche, Dorian"]
[Result "0-1"]
[WhiteElo "1762"]
[BlackElo "1694"]
[PlyCount "60"]
[EventDate "2017.??.??"]
[WhiteTeam "Echiquier St Maixentais"]
[BlackTeam "Echiquier du pays de Liffré"]

1. d4 Nf6 2. Nc3 d5 3. Bf4 e6 4. Nf3 Be7 5. e3 O-O 6. Bd3 a6 7. O-O c5 8. dxc5
Bxc5 9. Ne2 Nc6 10. c3 Re8 11. Bg5 h6 12. Bxf6 Qxf6 13. Nf4 Bd6 14. Nh5 Qe7 15.
Bc2 b5 16. Qd3 f5 17. g4 g6 18. gxf5 gxh5 19. Kh1 exf5 20. Qxd5+ Kh8 21. Nh4
Ne5 22. Qxa8 Bb7+ 23. Qxb7 Qxb7+ 24. f3 Be7 25. Nxf5 Nxf3 26. e4 Ng5 27. Rae1
Bc5 28. b4 Nxe4 29. bxc5 Nf2+ 30. Kg1 Nh3# 0-1

[Event "CEG Riscle B"]
[Site "Riscle"]
[Date "2017.08.07"]
[Round "4.4"]
[White "Tholey, Jean-Paul"]
[Black "Saliou, Jean-Yves"]
[Result "1-0"]
[WhiteElo "1845"]
[BlackElo "1930"]
[PlyCount "49"]
[EventDate "2017.??.??"]
[WhiteTeam "Echiquier Bayonne Adour"]
[BlackTeam "Le Cavalier Fou Melun"]

1. d4 d6 2. c4 Nf6 3. Nc3 Nbd7 4. e4 e5 5. Be3 exd4 6. Bxd4 Be7 7. Nge2 O-O 8.
Ng3 Ne5 9. Be2 c6 10. O-O Qa5 11. Qd2 Re8 12. Rfd1 Qc7 13. Rac1 h5 14. Bxe5
dxe5 15. Nxh5 Nxh5 16. Bxh5 Bc5 17. Qe2 Qe7 18. Rd3 g6 19. Bf3 Bd4 20. Qd2 Qc5
21. Nd1 a5 22. b3 Kg7 23. Ne3 Rh8 24. Nc2 Qd6 25. c5 1-0

[Event "CEG Riscle B"]
[Site "Riscle"]
[Date "2017.08.07"]
[Round "5.1"]
[White "Gonzalez, Loic"]
[Black "Tholey, Jean-Paul"]
[Result "1-0"]
[WhiteElo "1869"]
[BlackElo "1845"]
[PlyCount "99"]
[EventDate "2017.??.??"]
[WhiteTeam "Echiquier Bordelais"]
[BlackTeam "Echiquier Bayonne Adour"]

1. e4 e6 2. Nc3 d5 3. Qe2 dxe4 4. Nxe4 Bd7 5. Nf3 Bc6 6. d4 Nd7 7. Bf4 Ngf6 8.
Nxf6+ Nxf6 9. c3 Bd6 10. Ne5 Bxe5 11. Qxe5 Rc8 12. O-O-O Qd5 13. Qxd5 Nxd5 14.
Bd2 O-O 15. Bd3 b5 16. h4 Nb6 17. Rh3 Bd7 18. Rg3 f5 19. Bf4 Rf7 20. Be5 c5 21.
Rg5 b4 22. dxc5 Rxc5 23. Bd6 Ra5 24. Bxb4 Rxa2 25. Kb1 Ba4 26. Re1 Bb3 27. Bc2
Bd5 28. b3 Rxc2 29. Kxc2 Rc7 30. Kb2 Kf7 31. c4 Bb7 32. Bc3 g6 33. h5 Nd7 34.
hxg6+ hxg6 35. g4 Nf6 36. gxf5 gxf5 37. Bxf6 Kxf6 38. f4 Rh7 39. Reg1 Bf3 40.
b4 Bg4 41. Rg8 Rh2+ 42. Kc3 Rf2 43. Rf8+ Ke7 44. Ra8 Rxf4 45. Rxa7+ Kf6 46. b5
Be2 47. Rc7 Ke5 48. b6 Kd6 49. c5+ Ke5 50. b7 1-0

[Event "CEG Riscle B"]
[Site "Riscle"]
[Date "2017.08.07"]
[Round "5.2"]
[White "Lahoche, Dorian"]
[Black "Jackson, Daniel"]
[Result "0-1"]
[WhiteElo "1694"]
[BlackElo "1754"]
[PlyCount "128"]
[EventDate "2017.??.??"]
[WhiteTeam "Echiquier du pays de Liffré"]
[BlackTeam "LEC Echiquier Limousin"]

1. e4 c5 2. Nf3 e6 3. d3 a6 4. g3 d6 5. Bg2 b5 6. O-O Bb7 7. Nbd2 Qc7 8. c3 Nf6
9. Re1 Nc6 10. Nf1 Be7 11. h3 O-O 12. Be3 d5 13. e5 Nd7 14. d4 cxd4 15. cxd4
Rfc8 16. Rc1 Nb6 17. N3d2 Qd8 18. a3 Na5 19. Nb3 Rxc1 20. Bxc1 Nxb3 21. Qxb3
Rc8 22. Be3 Qc7 23. Rc1 Qd7 24. Qd3 Rxc1 25. Bxc1 Qc8 26. Bd2 Na4 27. Qb3 Qc4
28. Qxc4 bxc4 29. Bc1 c3 30. bxc3 Nxc3 31. Bf3 Nb5 32. Ne3 Nxd4 33. Bd1 Nb5 34.
Nc2 Nc3 35. Bf3 Bc6 36. Kf1 Ba4 37. Bd2 Bxc2 38. Bxc3 Bd3+ 39. Ke1 Bxa3 40. Kd2
Bc4 41. Bd1 Bc5 42. f3 Bb5 43. Bb3 Bf2 44. g4 Kf8 45. Bc2 h6 46. f4 Ke7 47. f5
Kd7 48. Bb4 Bg3 49. Bd6 Kc6 50. Kc3 Be1+ 51. Kb2 d4 52. Bf8 d3 53. Bd1 g6 54.
fxg6 fxg6 55. Bxh6 Kd5 56. Bg7 Bc4 57. Kc1 Kd4 58. Bf6 Kc3 59. h4 Ba2 60. Ba4
d2+ 61. Kd1 Bd5 62. Ke2 Bc4+ 63. Kd1 Bf1 64. Bd7 Bg2 0-1

[Event "CEG Riscle B"]
[Site "Riscle"]
[Date "2017.08.07"]
[Round "5.3"]
[White "Saliou, Jean-Yves"]
[Black "Boudey, Simon"]
[Result "1-0"]
[WhiteElo "1930"]
[BlackElo "1822"]
[PlyCount "43"]
[EventDate "2017.??.??"]
[WhiteTeam "Le Cavalier Fou Melun"]
[BlackTeam "Echiquier de l'Armagnac"]

1. Nf3 Nf6 2. g3 g6 3. c4 Bg7 4. Bg2 O-O 5. O-O c6 6. Nc3 d5 7. cxd5 cxd5 8. d4
Nc6 9. Bf4 Ne4 10. Nxe4 dxe4 11. Ng5 Nxd4 12. Bxe4 e5 13. Bd2 h6 14. Nf3 f5 15.
Nxd4 fxe4 16. Nb3 Bh3 17. Re1 Rxf2 18. Kxf2 Qb6+ 19. e3 Rf8+ 20. Kg1 Qf6 21.
Qe2 Qg5 22. Nc5 1-0

[Event "CEG Riscle B"]
[Site "Riscle"]
[Date "2017.08.07"]
[Round "5.4"]
[White "Hameau, Cyril"]
[Black "Annonier, Dominique"]
[Result "1-0"]
[WhiteElo "1879"]
[BlackElo "1762"]
[PlyCount "61"]
[EventDate "2017.??.??"]
[WhiteTeam "L'Echiquier Dieppois"]
[BlackTeam "Echiquier St Maixentais"]

1. e4 c5 2. d4 cxd4 3. c3 d5 4. e5 Nc6 5. Nf3 Bg4 6. Be2 e6 7. Nxd4 Bxe2 8.
Qxe2 Nxd4 9. cxd4 Bb4+ 10. Nc3 Ne7 11. Bg5 Bxc3+ 12. bxc3 Qc7 13. O-O O-O 14.
Rfe1 Rac8 15. Rab1 h6 16. Bd2 b6 17. Rb3 Qc4 18. Qf3 Nf5 19. g4 Ne7 20. Kh1 Kh7
21. Rg1 f5 22. g5 g6 23. gxh6 Rf7 24. Bg5 Nc6 25. Qg3 Qe2 26. f3 Rcf8 27. Rbb1
Qd3 28. Rbd1 Qc2 29. f4 Qe2 30. Rde1 Qxa2 31. h4 1-0

[Event "CEG Riscle B"]
[Site "Riscle"]
[Date "2017.08.07"]
[Round "6.1"]
[White "Boudey, Simon"]
[Black "Gonzalez, Loic"]
[Result "1/2-1/2"]
[WhiteElo "1822"]
[BlackElo "1869"]
[PlyCount "34"]
[EventDate "2017.??.??"]
[WhiteTeam "Echiquier de l'Armagnac"]
[BlackTeam "Echiquier Bordelais"]

1. d4 Nf6 2. c4 c5 3. d5 b5 4. cxb5 a6 5. bxa6 g6 6. Nc3 Bxa6 7. e4 Bxf1 8.
Kxf1 d6 9. g3 Bg7 10. Kg2 O-O 11. Nf3 Nbd7 12. h3 Qb6 13. Qe2 Rfb8 14. Nd2 Ne8
15. Nc4 Qa6 16. Re1 Ne5 17. Nxe5 Bxe5 1/2-1/2

[Event "CEG Riscle B"]
[Site "Riscle"]
[Date "2017.08.07"]
[Round "6.2"]
[White "Lahoche, Dorian"]
[Black "Hameau, Cyril"]
[Result "1/2-1/2"]
[WhiteElo "1694"]
[BlackElo "1879"]
[PlyCount "105"]
[EventDate "2017.??.??"]
[WhiteTeam "Echiquier du pays de Liffré"]
[BlackTeam "L'Echiquier Dieppois"]

1. e4 Nf6 2. e5 Nd5 3. d4 d6 4. Nf3 dxe5 5. dxe5 Nc6 6. Be2 Bf5 7. O-O Ndb4 8.
Na3 Qxd1 9. Bxd1 O-O-O 10. Bf4 h6 11. h4 e6 12. Bg3 Be7 13. c3 Nd3 14. Nc4 g5
15. b4 b5 16. Ne3 g4 17. Nh2 h5 18. Be2 Ncxe5 19. Nxf5 exf5 20. f4 Nc4 21. Rfd1
Ncb2 22. Rd2 c5 23. Rb1 cxb4 24. cxb4 Bf6 25. Rc2+ Kb7 26. Bf2 Rhe8 27. Nf1 a6
28. g3 Nc4 29. Rb3 Nxf2 30. Kxf2 Bd4+ 31. Kg2 Ne3+ 32. Nxe3 Rxe3 33. Rxe3 Bxe3
34. Rc3 Bb6 35. Bd3 Rd5 36. a3 Bd4 37. Rb3 Kb6 38. Kf1 Kc6 39. Bb1 Bb6 40. Rc3+
Kd6 41. Ba2 Rd2 42. Bxf7 a5 43. bxa5 Bxa5 44. Rb3 Kc5 45. Bxh5 Rd1+ 46. Ke2
Rd2+ 47. Kf1 Rd7 48. Be8 Rd1+ 49. Kf2 b4 50. axb4+ Bxb4 51. Bf7 Rd2+ 52. Kf1
Rd1+ 53. Kf2 1/2-1/2

[Event "CEG Riscle B"]
[Site "Riscle"]
[Date "2017.08.07"]
[Round "6.3"]
[White "Jackson, Daniel"]
[Black "Tholey, Jean-Paul"]
[Result "0-1"]
[WhiteElo "1754"]
[BlackElo "1845"]
[PlyCount "108"]
[EventDate "2017.??.??"]
[WhiteTeam "LEC Echiquier Limousin"]
[BlackTeam "Echiquier Bayonne Adour"]

1. e4 e6 2. d4 d5 3. Nc3 Nf6 4. Bg5 Bb4 5. a3 Bxc3+ 6. bxc3 dxe4 7. f3 Qd5 8.
Bxf6 gxf6 9. Qd2 exf3 10. Nxf3 Qe4+ 11. Be2 b6 12. O-O-O Ba6 13. Bxa6 Nxa6 14.
Rhe1 Qf5 15. Qe2 Qa5 16. Qe4 O-O-O 17. Kb2 Qd5 18. Qd3 Nb8 19. Rf1 Nc6 20. c4
Qd6 21. c5 Qd7 22. Qa6+ Kb8 23. c4 Na5 24. Rc1 Rhg8 25. Rf2 Qc6 26. Ka2 Qb7 27.
Qb5 Nc6 28. Rd2 bxc5 29. Qxc5 Qb6 30. Qb5 Rg4 31. Qxb6+ axb6 32. Rcd1 Rdg8 33.
g3 Re4 34. Kb2 Na5 35. Kc3 Re3+ 36. Rd3 Rxd3+ 37. Rxd3 Kb7 38. Ne1 Rg4 39. Rf3
f5 40. Nd3 Nc6 41. Rf4 Rxf4 42. gxf4 Kc8 43. d5 Ne7 44. Kd4 Ng6 45. dxe6 fxe6
46. c5 Kd7 47. cxb6 cxb6 48. Kc4 Kd6 49. Kd4 Nxf4 50. Nxf4 e5+ 51. Ke3 exf4+
52. Kxf4 Ke6 53. h4 b5 54. h5 h6 0-1

[Event "CEG Riscle B"]
[Site "Riscle"]
[Date "2017.08.07"]
[Round "6.4"]
[White "Annonier, Dominique"]
[Black "Saliou, Jean-Yves"]
[Result "0-1"]
[WhiteElo "1762"]
[BlackElo "1930"]
[PlyCount "56"]
[EventDate "2017.??.??"]
[WhiteTeam "Echiquier St Maixentais"]
[BlackTeam "Le Cavalier Fou Melun"]

1. d4 d6 2. Nc3 Nf6 3. e4 Nbd7 4. Be3 e5 5. Nf3 c6 6. Bc4 Be7 7. O-O b5 8.
Bxf7+ Kxf7 9. Ng5+ Kg8 10. Ne6 Qa5 11. a4 b4 12. Ne2 Nf8 13. Ng5 h6 14. Nh3 Ne6
15. f4 Ng4 16. Bd2 Nxd4 17. fxe5 Nxe2+ 18. Qxe2 Nxe5 19. c3 Bg4 20. Qe1 bxc3
21. Bxc3 Qb6+ 22. Kh1 Bxh3 23. gxh3 Rf8 24. Qg3 Qc5 25. Rac1 Qc4 26. Rxf8+ Bxf8
27. Qg2 Qe6 28. Rg1 Rh7 0-1